000 01381cam a2200421 a 4500
999 _c631
_d631
001 ocm35974179
003 OCoLC
005 20210616074206.0
008 960802s1997 onca b 001 0 eng d
010 _acn 96931702
015 _aC96-931702-6
020 _a0135980534 :
035 _a(Sirsi) 1168962
035 _a1268-26060
040 _aCaOTU
_beng
_cNLC
_dTOH
049 _aTOHA
055 0 2 _aHF5686*
055 3 _aHF5686 C8
_bC67 1997
082 0 _a658.15/4
_221
090 _a657.42 H59 1997
098 0 0 _amd
099 _aaz
245 0 0 _aCost accounting :
_ba managerial approach /
_cCharles T. Horngren ... [and others].
250 _aFirst Canadian edition
260 _aScarborough, Ont. :
_bPrentice Hall Canada,
_cc1997.
300 _a1 volumes (various pagings) :
_billustrations (some color) ;
_c29 cm.
336 _atext
_btxt
_2rdacontent
337 _aunmediated
_bn
_2rdamedia
338 _avolume
_bnc
_2rdacarrier
504 _aIncludes bibliographical references and index.
650 0 _aCost accounting.
650 0 _aCosts, Industrial.
700 1 _aHorngren, Charles T.,
_d1926-2011
770 1 _aHarris, John K.
_tCost accounting, Student guide and review manual.
_cScarborough, Ont. : Prentice Hall Canada, c1997.
_z0137369433
_w(CaOONL) 96932524X
901 _a1268-26060
942 _2lcc
_cBK
_nDO
948 _a27/06/1999
_b18/06/2001